[Event "Summer Prague Open 2025 - A"]
[Site "Olympik hotel, Sokolovska 138, Praha"]
[Date "2025.08.14"]
[Round "7"]
[Board "3"]
[White "Domanskiy, Mykola"]
[Black "Heinrich, John"]
[Result "1-0"]
[WhiteElo "2166"]
[BlackElo "2351"]
[PlyCount "0"]
[EventDate "2025.08.08"]
[EventRounds "9"]
[EventCountry "CZE"]

1. d4 Nf6 2. c4 g6 3. h4 c5 4. d5 e6 5. dxe6 fxe6 6. Nc3 Bg7 7. Bg5 Qa5 8. Qd6 h6
9. Bd2 Qb6 10. Qd3 Kf7 11. Nf3 d6 12. Nb5 Rd8 13. a4 a6 14. Nc3 Nc6 15. g4 e5 16.
h5 gxh5 17. g5 e4 18. Nxe4 Nb4 19. Bxb4 Nxe4 20. Qxe4 Qxb4+ 21. Nd2 hxg5 22. Qf3+
Ke7 23. Qe3+ Kd7 24. Rxh5 Kc7 25. Rh7 Rd7 26. Bh3 Bd4 27. Qe4 Rxh7 28. Qxh7+ Kb6
29. Bxc8 Rxc8 30. Ra3 Rc7 31. a5+ Kc6 32. Qe4+ Kd7 33. Qf5+ Kd8 34. Qf8+ Kd7 35.
Qf7+ Kd8 36. Qg8+ Kd7 37. Qf7+ Kd8 38. Qg8+ Kd7 39. Rf3 Qxa5 40. Qf7+ Kd8 41. Qg8+
Kd7 42. Qh7+ Ke8 43. Qh5+ Kd7 44. Qg4+ Kd8 45. e3 Bg7 46. Qe6 Rd7 47. Ke2 Qa2 48.
e4 Qa4 49. b3 Qc6 50. Rd3 Kc7 51. Nf3 g4 52. Ng5 Kb8 53. Qxg4 Ka7 54. Qe6 Be5 55.
Qf5 Re7 56. f4 Bd4 57. Qd5 Qd7 58. Rg3 Qe8 59. Kd3 Qh5 60. Nf3 Qh1 61. Nxd4 Qd1+
62. Ke3 Qc1+ 63. Kf2 cxd4 64. Qxd4+ b6 65. Qe3  1-0

[Event "Summer Prague Open 2025 - A"]
[Site "Olympik hotel, Sokolovska 138, Praha"]
[Date "2025.08.14"]
[Round "7"]
[Board "4"]
[White "Walek, Petr"]
[Black "Botea, David-Alexandru"]
[Result "1-0"]
[WhiteElo "2284"]
[BlackElo "2166"]
[PlyCount "0"]
[EventDate "2025.08.08"]
[EventRounds "9"]
[EventCountry "CZE"]

1. e4 g6 2. d4 Bg7 3. Nc3 d6 4. Be3 c6 5. a4 Nd7 6. f4 h5 7. Nf3 Nh6 8. Bd3 Nf6 9.
h3 d5 10. e5 Nfg8 11. Nh4 Nf5 12. Nxf5 Bxf5 13. Bxf5 gxf5 14. g3 a5 15. Ne2 e6 16.
Ng1 Ne7 17. Nf3 Ng6 18. Kf2 Bf8 19. c3 Be7 20. Qe2 Qd7 21. Kg2 Rg8 22. Kh2 Qc7 23.
Rhg1 Rg7 24. Qd3 Kd7 25. Rg2 Rag8 26. Rag1 Kc8 27. b4 axb4 28. cxb4 Bxb4 29. Rb2
Be7 30. Rgb1 Nf8 31. Ng5 Nd7 32. a5 Nb8 33. Rb6 Rd8 34. a6 Nxa6 35. Rxa6 bxa6 36.
Qxa6+ Kd7 37. Rb7 Rb8 38. Rxc7+ Kxc7 39. Bd2 Bb4 40. Bxb4 Rxb4 41. Qa3 Rb8 42. Qe7+
Kb6 43. Nxe6 Rgg8 44. Qb4+  1-0

[Event "Summer Prague Open 2025 - A"]
[Site "Olympik hotel, Sokolovska 138, Praha"]
[Date "2025.08.14"]
[Round "7"]
[Board "5"]
[White "Toman, Ondrej"]
[Black "Grochol, Kamil"]
[Result "1-0"]
[WhiteElo "2311"]
[BlackElo "2150"]
[PlyCount "0"]
[EventDate "2025.08.08"]
[EventRounds "9"]
[EventCountry "CZE"]

1. d4 Nf6 2. c4 e6 3. Nc3 Bb4 4. e3 O-O 5. Nge2 d5 6. a3 Be7 7. Nf4 c6 8. cxd5 exd5
9. Bd3 Na6 10. O-O Nc7 11. b4 b5 12. Qc2 a5 13. bxa5 Rxa5 14. Bb2 Qd6 15. f3 Bd7
16. Nce2 c5 17. dxc5 Qxc5 18. Nd4 Qxc2 19. Nxc2 Ne6 20. Nxe6 fxe6 21. Rfd1 Rfa8 22.
Rac1 Ra4 23. h3 b4 24. axb4 Bxb4 25. Nxb4 Rxb4 26. Bd4 Bb5 27. Rb1 Rxb1 28. Bxb1
Rc8 29. Kf2 Be8 30. Rd2 Bg6 31. Bxg6 hxg6 32. Rb2 g5 33. Rb7 Rc2+ 34. Kg1 Rc6 35.
Kh2 Nh5 36. Be5 Kf8 37. h4 gxh4 38. Kh3 Rc4 39. f4 Nf6 40. Kxh4 Rc2 41. g4 Rh2+ 42.
Kg3 Rh1 43. g5 Ne4+ 44. Kg2 Re1 45. Bxg7+ Ke8 46. Bd4 e5 47. fxe5 Nxg5 48. Rb5 Ne6
49. Rxd5 Ke7 50. Kf3 Rf1+ 51. Ke2 Rf8 52. Ra5 Rc8 53. Ra7+ Rc7 54. Ra8 Rd7 55. Kd3
Rd8 56. Ra7+ Rd7 57. Ra5 Ng5 58. Ra1 Nf7 59. Ke4 Ng5+ 60. Kf5 Ne6 61. Bb2 Ng7+ 62.
Ke4 Rb7 63. Ba3+ Ke8 64. Rf1 Rf7 65. Rb1 Rd7 66. Rb8+ Rd8 67. Rb6 Ra8 68. Bb4 Kf7
69. Kd5 Rd8+ 70. Bd6 Rd7 71. Rb1 Ra7 72. Rf1+ Kg6 73. Bc5 Ra6 74. e4 Ne8 75. Bd6
Ra7 76. Rg1+ Kh7 77. Bc5 Ra6 78. Bd6 Ra7 79. Rg2 Rb7 80. e6 Rb6 81. e5 Ng7 82. e7
Ne8 83. Ke6 Ng7+ 84. Rxg7+  1-0

[Event "Summer Prague Open 2025 - A"]
[Site "Olympik hotel, Sokolovska 138, Praha"]
[Date "2025.08.14"]
[Round "7"]
[Board "6"]
[White "Lihotsky, Lukas"]
[Black "Kulhanek, Tomas"]
[Result "0-1"]
[WhiteElo "2153"]
[BlackElo "2289"]
[PlyCount "0"]
[EventDate "2025.08.08"]
[EventRounds "9"]
[EventCountry "CZE"]

1. d4 Nf6 2. c4 e6 3. Nf3 Bb4+ 4. Nbd2 d5 5. Qa4+ Nc6 6. e3 a5 7. a3 Be7 8. Bd3 O-O
9. O-O Bd7 10. Qc2 a4 11. e4 g6 12. cxd5 exd5 13. h3 Na5 14. e5 Nh5 15. Re1 Nf4 16.
Bf1 Ne6 17. Qd1 Qb8 18. b3 axb3 19. Bb2 Ba4 20. g3 Rd8 21. Bd3 b6 22. h4 c5 23. Qe2
c4 24. Bb1 Nc6 25. h5 Na7 26. hxg6 hxg6 27. Nh4 Be8 28. Qg4 Ng7 29. e6 f5 30. Bxf5
Bxh4 31. e7 Rd6 32. Be6+ Nxe6 33. Rxe6 Qc8 34. Rae1 Bxe7 35. Nxc4 Rxe6 36. Rxe6 Qxc4
37. Rxe7 Bf7 38. Rxf7 Kxf7 39. Qd7+ Kf8 40. Qd6+ Ke8 41. Qe6+ Kd8 42. Qg8+ Kc7 43.
Qxa8 Nc8 44. a4 Qc2 45. Ba3 b2 46. Bxb2 Qxb2 47. Qxd5 Qa1+ 48. Kh2 Qxa4 49. Qf7+
Qd7 50. Qxg6 Qxd4 51. Qf7+ Kb8 52. f4 Nd6 53. Qf8+ Kb7 54. Kh3 Ne4 55. Qe7+ Ka6 56.
Qa3+ Kb5 57. Qb3+ Kc5 58. Qa3+ Kc6 59. Qa8+ Kb5 60. Qe8+ Kb4 61. Qe7+ Ka4 62. Qa7+
Kb3 63. f5 Ng5+ 64. Kg2 Qe4+ 65. Kf1 Qxf5+ 66. Ke2 Qf3+ 67. Ke1 Qxg3+ 68. Ke2 Qf3+
69. Ke1 Qe3+ 70. Kf1 Qd3+ 71. Kg2 Qd5+ 72. Kg3 Qd6+ 73. Kg2 Qc6+ 74. Kg3 Ne6 75.
Kf2 Nd4 76. Qf7+ Qe6 77. Qa7 Qf5+ 78. Kg2 Qg6+ 79. Kf2 Qf6+ 80. Kg2 b5 81. Qh7 Kb2
82. Qa7 b4 83. Qa5 Nc2 84. Qa8 Ne3+ 85. Kh3 Qf5+ 86. Kg3 Qg5+  0-1

[Event "Summer Prague Open 2025 - A"]
[Site "Olympik hotel, Sokolovska 138, Praha"]
[Date "2025.08.14"]
[Round "7"]
[Board "7"]
[White "Davidek, Zdenek"]
[Black "Brejnik, Gustav"]
[Result "1/2-1/2"]
[WhiteElo "2122"]
[BlackElo "2220"]
[PlyCount "0"]
[EventDate "2025.08.08"]
[EventRounds "9"]
[EventCountry "CZE"]

1. e4 c6 2. Nf3 d5 3. d3 Qc7 4. exd5 cxd5 5. c4 dxc4 6. dxc4 e6 7. a3 Nf6 8. Nc3
a6 9. g3 Bd6 10. Bg2 O-O 11. O-O Rd8 12. Qe2 b6  1/2-1/2

[Event "Summer Prague Open 2025 - A"]
[Site "Olympik hotel, Sokolovska 138, Praha"]
[Date "2025.08.14"]
[Round "7"]
[Board "8"]
[White "Hozda, Max"]
[Black "Mannion, Stephen R"]
[Result "0-1"]
[WhiteElo "1963"]
[BlackElo "2179"]
[PlyCount "0"]
[EventDate "2025.08.08"]
[EventRounds "9"]
[EventCountry "CZE"]

1. d4 d5 2. c4 dxc4 3. Nf3 Nf6 4. e3 e6 5. Bxc4 c5 6. O-O a6 7. dxc5 Bxc5 8. Qxd8+
Kxd8 9. Ne5 Ke7 10. Be2 Nbd7 11. Nc4 b6 12. Nbd2 a5 13. Nb3 Ba6 14. Nxc5 bxc5 15.
f3 Rhb8 16. Rf2 a4 17. e4 Rb4 18. Na3 Ne5 19. Be3 Nfd7 20. Bxa6 Rxa6 21. Rd1 Rd6
22. Rfd2 Rxd2 23. Rxd2 Nc6 24. Kf2 Nd4 25. Ke1 e5 26. Kd1 Nb6 27. Kc1 Nc4 28. Bxd4
cxd4 29. Nxc4 Rxc4+ 30. Kd1 g6 31. Rd3 f5 32. b3 axb3 33. Rxb3 Ra4 34. a3 Kd6 35.
Kd2 Kc5 36. h4 f4 37. Kd3 h6 38. Kd2 Ra6 39. Kd3 Rb6  0-1

[Event "Summer Prague Open 2025 - A"]
[Site "Olympik hotel, Sokolovska 138, Praha"]
[Date "2025.08.14"]
[Round "7"]
[Board "9"]
[White "Mrazek, Adam"]
[Black "Zvolensky, David"]
[Result "1-0"]
[WhiteElo "2043"]
[BlackElo "2154"]
[PlyCount "0"]
[EventDate "2025.08.08"]
[EventRounds "9"]
[EventCountry "CZE"]

1. c4 e5 2. g3 c6 3. d4 e4 4. a3 d5 5. Nc3 h6 6. f3 exf3 7. Nxf3 Nf6 8. Bg2 Be7 9.
O-O O-O 10. Bf4 Be6 11. cxd5 cxd5 12. Qb3 g5 13. Bxb8 Rxb8 14. Ne5 Qd6 15. Nd1 Ng4
16. Nxg4 Bxg4 17. Qd3 Rbd8 18. Ne3 Qe6 19. Rf2 Rfe8 20. Nxg4 Qxg4 21. Rxf7  1-0

[Event "Summer Prague Open 2025 - A"]
[Site "Olympik hotel, Sokolovska 138, Praha"]
[Date "2025.08.14"]
[Round "7"]
[Board "10"]
[White "Grezels, Florian"]
[Black "Mamyrov, Beybarys"]
[Result "1-0"]
[WhiteElo "2340"]
[BlackElo "1960"]
[PlyCount "0"]
[EventDate "2025.08.08"]
[EventRounds "9"]
[EventCountry "CZE"]

1. e4 e6 2. d4 d5 3. Nd2 c5 4. Ngf3 cxd4 5. exd5 exd5 6. Nxd4 Nc6 7. N2f3 Bd6 8.
Bb5 Nge7 9. h3 O-O 10. O-O Bd7 11. Bd3 Ng6 12. Nb5 Be7 13. Re1 a6 14. Nbd4 Re8 15.
c3 Bf6 16. Rxe8+ Bxe8 17. Bc2 Rc8 18. Qd3 Nxd4 19. Nxd4 Rc7 20. Be3 Bxd4 21. Qxd4
Bc6 22. Rd1 Qe8 23. Qg4 Re7 24. Qg3 h5 25. Rd4 Re5 26. Kh2 Qe6 27. Bd2 h4 28. Qg4
Qxg4 29. hxg4 Re2 30. Kg1 Nf8 31. Bd1 Re5 32. f4 Re8 33. f5 Nd7 34. Bg5 Nc5 35. Bxh4
Ne4 36. Bb3 Re5 37. Kf1 Nc5 38. Bd1 Bb5+ 39. Kg1 Ne4 40. a4 Bc6 41. Bd8 Nc5 42. Kf1
Re4 43. Rxe4 dxe4 44. b3 Nd3 45. g3 Kf8 46. Ke2 Ke8 47. Bb6 f6 48. Ke3 Kf7 49. b4
g6 50. Bb3+ Kg7 51. Bc7 b5 52. axb5 axb5 53. Bd6 Nb2 54. Kd4 gxf5 55. gxf5 Kh6 56.
Bf4+ Kg7 57. Bd5 Bxd5 58. Kxd5 Nd1 59. Kd4 Kf7 60. Bd2 Nf2 61. Ke3 Ng4+ 62. Kxe4
Ke7 63. Kd5 Nf2 64. Kc6 Ne4 65. Be1 Nd6 66. g4 Nf7 67. Kxb5 Ne5 68. Ka6  1-0

[Event "Summer Prague Open 2025 - A"]
[Site "Olympik hotel, Sokolovska 138, Praha"]
[Date "2025.08.14"]
[Round "7"]
[Board "11"]
[White "Lalic, Bogdan"]
[Black "Mikulka, Martin Michael"]
[Result "1-0"]
[WhiteElo "2317"]
[BlackElo "2062"]
[PlyCount "0"]
[EventDate "2025.08.08"]
[EventRounds "9"]
[EventCountry "CZE"]

1. d4 Nf6 2. c4 e6 3. Nc3 d5 4. cxd5 exd5 5. Bg5 c6 6. e3 h6 7. Bh4 Be7 8. Bd3 O-O
9. Nge2 Re8 10. Qc2 Nbd7 11. f3 b5 12. O-O a5 13. Kh1 Ba6 14. Rad1 Nb6 15. Bf2 Bf8
16. Ng3 Qc8 17. Rc1 Qd7 18. e4 b4 19. Bxa6 Rxa6 20. Nd1 dxe4 21. fxe4 Re6 22. Ne3
Qe8 23. e5 Nfd5 24. Nef5 Nd7 25. Ne4 c5 26. Nfd6 Bxd6 27. Nxd6 Qa8 28. Qf5 Raxd6
29. exd6 Rg6 30. Bg3 N7f6 31. dxc5 Qc6 32. Qf3 h5 33. Rfd1 Rg4 34. h3 Rg6 35. Be5
 1-0

[Event "Summer Prague Open 2025 - A"]
[Site "Olympik hotel, Sokolovska 138, Praha"]
[Date "2025.08.14"]
[Round "7"]
[Board "12"]
[White "Petr, Jakub"]
[Black "Rossi, Gabriele Valerio"]
[Result "1/2-1/2"]
[WhiteElo "2292"]
[BlackElo "2071"]
[PlyCount "0"]
[EventDate "2025.08.08"]
[EventRounds "9"]
[EventCountry "CZE"]

1. d4 Nf6 2. c4 c5 3. d5 g6 4. Nc3 d6 5. e4 Bg7 6. h3 O-O 7. Nf3 e6 8. Bd3 exd5 9.
cxd5 Re8 10. O-O Nbd7 11. Re1 Ne5 12. Nxe5 Rxe5 13. Bf4 Nh5 14. Bxe5 Bxe5 15. Be2
Nf4 16. Bg4 Qg5 17. g3 Nxh3+ 18. Bxh3 Bxh3 19. Ne2 f5 20. exf5 Qxf5 21. Qb3 Rf8 22.
Nf4 Bxf4 23. gxf4 Bg4 24. Re7 Qxf4 25. Qg3 Bf3 26. Qxf4 Rxf4 27. Re3 g5 28. Kh2 Bxd5
29. Rd1 Rxf2+ 30. Kg3 Rg2+ 31. Kh3 Bc6 32. Rxd6 Rxb2 33. Re7 Rf2 34. Kg4 Rf7 35.
Re5 c4 36. Rc5 Kg7 37. Kxg5 Rf2 38. a4 Bxa4 39. Rc7+ Rf7 40. Rxc4 b5 41. Rc8 Rb7
42. Rdd8 Bb3 43. Rb8 h6+ 44. Kh4 Rxb8 45. Rxb8 Bc4 46. Rb7+ Kf6 47. Rxa7 Ke5 48.
Kh5 Kd4 49. Rb7 Kc3 50. Kxh6 b4 51. Rxb4 Kxb4  1/2-1/2

[Event "Summer Prague Open 2025 - A"]
[Site "Olympik hotel, Sokolovska 138, Praha"]
[Date "2025.08.14"]
[Round "7"]
[Board "13"]
[White "Nilsson, Patrik 1968"]
[Black "Rosen, Bernd"]
[Result "1-0"]
[WhiteElo "1967"]
[BlackElo "2181"]
[PlyCount "0"]
[EventDate "2025.08.08"]
[EventRounds "9"]
[EventCountry "CZE"]

1. e4 e6 2. d4 d5 3. Nd2 c5 4. Ngf3 Nf6 5. e5 Nfd7 6. c3 Nc6 7. Bd3 cxd4 8. cxd4
f6 9. exf6 Nxf6 10. O-O Bd6 11. Re1 O-O 12. Nf1 Qb6 13. h3 Kh8 14. Bb1 Bd7 15. N1h2
Rae8 16. b3 e5 17. dxe5 Nxe5 18. Bb2 Nxf3+ 19. Nxf3 Rxe1+ 20. Qxe1 Bc5 21. Qd2 Re8
22. Bd3 Bb4 23. Qf4 Bd6 24. Qd2 Ne4 25. Bxe4 Rxe4 26. Qxd5 Re2 27. Bd4 Qc6 28. Qf7
 1-0

[Event "Summer Prague Open 2025 - A"]
[Site "Olympik hotel, Sokolovska 138, Praha"]
[Date "2025.08.14"]
[Round "7"]
[Board "14"]
[White "Vos, Rik"]
[Black "Vilimek, Vit"]
[Result "0-1"]
[WhiteElo "2060"]
[BlackElo "2159"]
[PlyCount "0"]
[EventDate "2025.08.08"]
[EventRounds "9"]
[EventCountry "CZE"]

1. d4 Nf6 2. c4 g6 3. Nc3 d5 4. cxd5 Nxd5 5. e4 Nxc3 6. bxc3 Bg7 7. Bc4 c5 8. Ne2
Nc6 9. Be3 O-O 10. O-O Bg4 11. f3 Na5 12. Bxf7+ Rxf7 13. fxg4 Rxf1+ 14. Kxf1 Qd6
15. e5 Nc4 16. Bf2 Qd5 17. g5 Rf8 18. Kg1 Qf7 19. Qe1 Na3 20. Qf1 Nc2 21. Rb1 Qxa2
22. Qc1 Nxd4 23. cxd4 Qxe2 24. Rb2 Qa6 25. Qb1 cxd4 26. Bxd4 Rd8 27. Rb4 Qe2 28.
Qb3+ Kh8 29. Qe3 Qd1+ 30. Kf2 a5 31. Rc4 b5  0-1

[Event "Summer Prague Open 2025 - A"]
[Site "Olympik hotel, Sokolovska 138, Praha"]
[Date "2025.08.14"]
[Round "7"]
[Board "15"]
[White "Wagner, Julian"]
[Black "Le Bris, Yann"]
[Result "0-1"]
[WhiteElo "2134"]
[BlackElo "2050"]
[PlyCount "0"]
[EventDate "2025.08.08"]
[EventRounds "9"]
[EventCountry "CZE"]

1. d4 d5 2. c4 e6 3. Nf3 Nf6 4. g3 dxc4 5. Bg2 Nc6 6. O-O Rb8 7. e3 b5 8. b3 cxb3
9. Nfd2 Bb7 10. Nxb3 Bd6 11. e4 e5 12. f4 Nxd4 13. Nc3 Nxb3 14. Qxb3 O-O 15. Bb2
b4 16. Nd5 Nxd5 17. exd5 exf4 18. gxf4 Qh4 19. Qc4 f6 20. Rae1 Bc8 21. Bc1 Bd7 22.
Rf2 a5 23. Be4 Rfe8 24. Bd2 a4 25. Bc2 Rxe1+ 26. Bxe1 Qh3 27. Bd1 Qe3 28. Bd2 Qc5
29. Qd3 Qb5 30. Qxb5 Bxb5 31. Be3 Re8 32. Rf3 Rxe3 33. Rxe3 Bc5 34. Kf2 Bc4 35. Bxa4
Bxa2 36. Ke2 Bxe3  0-1

[Event "Summer Prague Open 2025 - A"]
[Site "Olympik hotel, Sokolovska 138, Praha"]
[Date "2025.08.14"]
[Round "7"]
[Board "16"]
[White "Horacek, Michal"]
[Black "Glimbrant, Torbjorn"]
[Result "1/2-1/2"]
[WhiteElo "2115"]
[BlackElo "2039"]
[PlyCount "0"]
[EventDate "2025.08.08"]
[EventRounds "9"]
[EventCountry "CZE"]

1. e4 c5 2. Nf3 e6 3. d4 cxd4 4. Nxd4 Nc6 5. Be3 Nf6 6. Nc3 d5 7. exd5 exd5 8. Bb5
Bd7 9. O-O Be7 10. Re1 O-O 11. Be2 h6 12. a3 Ne5 13. Bf4 Bd6 14. Bg3 Nc4 15. Bxc4
Bxg3 16. hxg3 dxc4 17. Qd2 Qb6 18. Nce2 Rad8 19. Qc3 Bg4 20. f3 Be6 21. Kh2 Rfe8
22. Nxe6 Qxe6 23. Nf4 Qc6 24. Rxe8+ Rxe8 25. Rd1 b5 26. Qd4 g5 27. Nh3 Re2 28. Ng1
Rxc2 29. Qd8+ Kg7 30. Rd6 Ng4+ 31. Kh3 Nf2+ 32. Kh2 Ng4+ 33. Kh3 Nf2+ 34. Kh2 Ng4+
 1/2-1/2

[Event "Summer Prague Open 2025 - A"]
[Site "Olympik hotel, Sokolovska 138, Praha"]
[Date "2025.08.14"]
[Round "7"]
[Board "17"]
[White "Kuhn, Ulf"]
[Black "Giraldi, Edoardo"]
[Result "1/2-1/2"]
[WhiteElo "2105"]
[BlackElo "2038"]
[PlyCount "0"]
[EventDate "2025.08.08"]
[EventRounds "9"]
[EventCountry "CZE"]

1. Nf3 Nf6 2. c4 e6 3. Nc3 d5 4. e3 c5 5. cxd5 exd5 6. d4 Nc6 7. Bb5 a6 8. Bxc6+
bxc6 9. O-O Bd6 10. dxc5 Bxc5 11. Qc2 Be7 12. b3 O-O 13. Bb2 Be6 14. Ng5 h6 15. Nxe6
fxe6 16. Ne2 Qd6 17. Nf4 Rf7 18. f3 Bd8 19. Nd3 Nd7 20. Rac1 Rc8 21. Kh1 Bb6 22.
Qe2 e5 23. f4 exf4 24. exf4 Rcf8 25. Rfe1 c5 26. Qg4 Nf6 27. Qg6 d4 28. Ba3 Re7 29.
Re5 Rc7 30. Kg1 Rfc8 31. Rce1 Qd7 32. Re6 Ba5 33. R1e5 Qf7 34. Qxf7+ Rxf7 35. Rxa6
Bd2 36. Rxc5 Re8 37. g3 Re2 38. Bc1 Ng4 39. Ra8+ Kh7 40. Bxd2 Rxd2 41. Ne5 Nxe5 42.
Rxe5 Rc7 43. Rae8 Rcc2 44. h4 Rxa2 45. Re1 Rg2+ 46. Kh1 Rxg3 47. Rd1 Rxb3 48. Re4
Rh3+ 49. Kg1 Rxh4 50. Rexd4 Rg4+ 51. Kf1 Rh2 52. f5 Rxd4 53. Rxd4 Kg8 54. f6 gxf6
55. Rd7 Rh5 56. Kf2 Rg5 57. Kf3 Rg7 58. Rd8+ Kf7 59. Kf4 Kg6 60. Rd1 Ra7 61. Rg1+
Kf7 62. Rh1 Ra4+ 63. Kf5 Ra5+ 64. Kf4 Kg6 65. Rg1+ Rg5 66. Rh1 h5 67. Rh4 Rf5+ 68.
Ke4 Ra5 69. Rh1 Ra4+ 70. Kf3 Kg5 71. Rg1+ Kf5 72. Rb1 Ra3+ 73. Kg2 Kg4 74. Rb4+ Kg5
75. Rb5+ f5 76. Rb8 h4 77. Rg8+ Kf4 78. Rh8 h3+ 79. Kf2 Ra2+ 80. Kg1 Kg3 81. Rg8+
Kf3 82. Rh8 Rg2+ 83. Kh1 Rg3 84. Kh2 Kf2 85. Ra8 f4 86. Ra4 Kf3 87. Ra8 Kg4 88. Rg8+
Kf3 89. Ra8 Rg2+ 90. Kxh3 Re2 91. Ra3+ Re3 92. Ra2 Rb3 93. Kh2 Re3 94. Kh3 Rc3 95.
Rb2 Ra3 96. Kh2 Rc3 97. Ra2 Re3 98. Kh3 Rd3 99. Rb2 Rc3 100. Ra2 Ke4+ 101. Kg2 Rd3
102. Kf2 Rb3 103. Ra4+ Kf5 104. Ra8 Rb2+ 105. Kf3 Rb3+ 106. Kf2 Rb2+ 107. Kf3 Rb3+
108. Kf2  1/2-1/2

[Event "Summer Prague Open 2025 - A"]
[Site "Olympik hotel, Sokolovska 138, Praha"]
[Date "2025.08.14"]
[Round "7"]
[Board "18"]
[White "Dobrovolsky, Ladislav"]
[Black "Zelezny, Jan"]
[Result "1-0"]
[WhiteElo "2103"]
[BlackElo "1980"]
[PlyCount "0"]
[EventDate "2025.08.08"]
[EventRounds "9"]
[EventCountry "CZE"]

1. Nf3 d5 2. d4 Nf6 3. c4 e6 4. e3 Be7 5. b3 O-O 6. Bb2 b6 7. Bd3 Bb7 8. O-O Nbd7
9. Nc3 Ne4 10. Rc1 Rc8 11. cxd5 exd5 12. Qe2 c5 13. Rfd1 cxd4 14. Nxd4 Nec5 15. Bb1
Nf6 16. Nf5 Re8 17. Qf3 d4 18. Qg3 Ne6 19. Rxd4 Qc7 20. Qxc7 Rxc7 21. Nxe7+ Rexe7
22. Rdd1 Red7 23. f3 Kf8 24. Kf2 a6 25. Rxd7 Rxd7 26. Rd1 b5 27. Rxd7 Nxd7 28. Ba3+
Ke8 29. Ne4 Bxe4 30. Bxe4 Ne5 31. Bb2 Nd7 32. Bxh7 g6 33. f4 Nef8 34. Bg8 Nc5 35.
Ke2 b4 36. Bd4 Nfe6 37. f5 gxf5 38. Bxc5 Nxc5 39. Bh7 Ne4 40. Bxf5 Nc3+ 41. Kd3 Nxa2
42. Kc4 a5 43. Kb5  1-0

[Event "Summer Prague Open 2025 - A"]
[Site "Olympik hotel, Sokolovska 138, Praha"]
[Date "2025.08.14"]
[Round "7"]
[Board "19"]
[White "Grzesik, Norbert"]
[Black "Pavlis, Matej"]
[Result "0-1"]
[WhiteElo "1958"]
[BlackElo "2098"]
[PlyCount "0"]
[EventDate "2025.08.08"]
[EventRounds "9"]
[EventCountry "CZE"]

1. d4 d5 2. Nf3 Nf6 3. c4 e6 4. Nc3 Be7 5. Bf4 O-O 6. e3 b6 7. Bd3 dxc4 8. Bxc4 Ba6
9. Bxa6 Nxa6 10. Qa4 Qc8 11. a3 Qb7 12. O-O c5 13. Nb5 Rfd8 14. Rac1 Nd5 15. Bg3
h6 16. Rc2 Bf8 17. Rfc1 Rac8 18. h3 Nf6 19. dxc5 bxc5 20. Nd2 Nd5 21. Qa5 Nac7 22.
Nxc7 Nxc7 23. b4 Na6 24. b5 Nc7 25. Bxc7 Rxc7 26. Nc4 Rcd7 27. Re1 Qe4 28. Qc3 Rd3
29. Qb2 R8d5 30. a4 g6 31. a5 Bg7 32. Qc1 h5 33. b6 axb6 34. axb6 Rg5 35. f4 Rgd5
36. Qb1 Rd7 37. Rec1 f5 38. Kh1 e5 39. fxe5 f4 40. e6 Rd8 41. b7 Rb8 42. Rd2 Rxe3
43. Nxe3 Qxe3 44. Qa2 f3 45. Qd5 Bd4 46. e7+ Kg7 47. Rdd1 fxg2+ 48. Qxg2 Qxe7 49.
Rb1 Qc7 50. Re1 c4 51. Re6 Bf6 52. Rbb6 Rd8 53. b8=Q Rd1+ 54. Qg1 Rxg1+ 55. Kxg1
Qc5+ 56. Kg2 Qd5+ 57. Kf1 Qf3+  0-1

[Event "Summer Prague Open 2025 - A"]
[Site "Olympik hotel, Sokolovska 138, Praha"]
[Date "2025.08.14"]
[Round "7"]
[Board "20"]
[White "Taborsky, Rostislav"]
[Black "Mok, Erwin Jun-Han"]
[Result "1/2-1/2"]
[WhiteElo "2093"]
[BlackElo "1886"]
[PlyCount "0"]
[EventDate "2025.08.08"]
[EventRounds "9"]
[EventCountry "CZE"]

1. e4 e6 2. d3 d5 3. Nd2 Nf6 4. Ngf3 Be7 5. g3 O-O 6. Bg2 c5 7. O-O Nc6 8. Re1 Qc7
9. e5 Nd7 10. Qe2 b5 11. Nf1 a5 12. Bf4 a4 13. a3 Ba6 14. Ne3 b4 15. h4 c4 16. h5
h6 17. Qd2 cxd3 18. cxd3 Nc5 19. Ng4 Nb3 20. Qe3 Nxa1 21. Rxa1 Kh7 22. Bxh6 Rh8 23.
Bg5 Bxg5 24. Nxg5+ Kg8 25. h6 gxh6 26. Nf3 Kg7 27. Rc1 Rac8 28. axb4 Qe7 29. b5 Bxb5
30. Nd4 Nxd4 31. Rxc8 Nf5 32. Qc1 Rxc8 33. Qxc8 Qd7 34. Qb8 Qe8 35. Qa7 Qd7 36. Qb8
 1/2-1/2

[Event "Summer Prague Open 2025 - A"]
[Site "Olympik hotel, Sokolovska 138, Praha"]
[Date "2025.08.14"]
[Round "7"]
[Board "21"]
[White "Cuthbert, Michael"]
[Black "Toniolo, Samuel"]
[Result "1-0"]
[WhiteElo "1901"]
[BlackElo "2078"]
[PlyCount "0"]
[EventDate "2025.08.08"]
[EventRounds "9"]
[EventCountry "CZE"]

1. d4 Nf6 2. Bf4 d5 3. e3 c5 4. Nf3 Nc6 5. Nbd2 e6 6. c3 Bd6 7. Bg3 O-O 8. Bb5 Be7
9. dxc5 Bxc5 10. O-O Qb6 11. Qe2 Be7 12. Rab1 Bd7 13. Bd3 Nh5 14. Bh4 Bxh4 15. Nxh4
Nf6 16. Nhf3 e5 17. e4 d4 18. Nc4 Qc7 19. cxd4 exd4 20. Rbc1 Qf4 21. Qd2 Qxd2 22.
Nfxd2 Be6 23. a3 Nd7 24. f4 Nc5 25. Bb1 Rfd8 26. e5 f6 27. Nd6 fxe5 28. fxe5 Nb3
29. Nxb3 Bxb3 30. Nxb7 Nxe5 31. Nxd8 Rxd8 32. Bc2 Bc4 33. Rfe1 Nd3 34. Bxd3 Bxd3
35. Red1 Be2 36. Rd2 d3 37. Rc7 Rf8 38. h3 a5 39. Rc5 a4 40. Rc4 Ra8 41. Kf2 Rf8+
42. Ke3 Re8+ 43. Kd4 Rf8 44. Kc3 Rf2 45. Rxa4 Rxg2 46. b4 Rg3 47. b5 Rxh3 48. b6
Rh6 49. b7 Rc6+ 50. Rc4  1-0

[Event "Summer Prague Open 2025 - A"]
[Site "Olympik hotel, Sokolovska 138, Praha"]
[Date "2025.08.14"]
[Round "7"]
[Board "22"]
[White "Slacky, Stanislav"]
[Black "Lever, Erwan"]
[Result "0-1"]
[WhiteElo "2007"]
[BlackElo "2226"]
[PlyCount "0"]
[EventDate "2025.08.08"]
[EventRounds "9"]
[EventCountry "CZE"]

1. d4 Nf6 2. Nf3 d5 3. g3 c5 4. c3 Nbd7 5. Bg2 g6 6. O-O Bg7 7. Nbd2 b6 8. c4 Bb7
9. e3 O-O 10. b3 Rc8 11. Bb2 Rc7 12. Rc1 Qa8 13. Qe2 Rfc8 14. dxc5 Nxc5 15. Rfd1
Ne6 16. Be5 Rd7 17. Bb2 dxc4 18. Nxc4 Rxd1+ 19. Rxd1 Be4 20. Rc1 Nc5 21. Ne1 Rd8
22. Rd1 b5 23. Rxd8+ Qxd8 24. Qd2 Qa8 25. Na5 Bxg2 26. Nxg2 Nfe4 27. Qc2 Bxb2 28.
Qxb2 Nd3 29. Qc2 Ndxf2 30. Nc6 Qb7 31. Nf4 Qd7 32. Nd5 e6 33. Qxf2 exd5 34. Qc2 Kg7
35. Kg2 Ng5 36. Qc3+ f6 37. Nd4 Qe7 38. h4 Ne4 39. Qc7 Qxc7 40. Ne6+ Kf7 41. Nxc7
Nc3 42. a4 bxa4 43. bxa4 a5  0-1

[Event "Summer Prague Open 2025 - A"]
[Site "Olympik hotel, Sokolovska 138, Praha"]
[Date "2025.08.14"]
[Round "7"]
[Board "23"]
[White "Hill, Andy"]
[Black "Cherniack, Alex"]
[Result "1-0"]
[WhiteElo "1989"]
[BlackElo "2175"]
[PlyCount "0"]
[EventDate "2025.08.08"]
[EventRounds "9"]
[EventCountry "CZE"]

1. Nf3 Nf6 2. d4 g6 3. c4 Bg7 4. g3 O-O 5. Bg2 d5 6. cxd5 Nxd5 7. O-O Nb6 8. Nc3
Nc6 9. e3 Re8 10. Nh4 e5 11. d5 Na5 12. Rb1 Nac4 13. b3 Nd6 14. e4 f5 15. a4 a5 16.
Ba3 Bd7 17. Qd2 Nbc8 18. Rfd1 f4 19. Nf3 g5 20. Ne1 Qf6 21. Rbc1 g4 22. Rc2 b6 23.
Bc1 Bh6 24. Nd3 Nf7 25. Qe1 Ncd6 26. gxf4 exf4 27. f3 Ne5 28. Nxe5 Rxe5 29. Bb2 Qg6
30. Kh1 g3 31. hxg3 fxg3 32. Kg1 Rf8 33. Rd3 Rh5 34. Ne2 Bf4 35. Nxf4 Rxf4 36. Rxc7
Bh3 37. Rg7+  1-0

[Event "Summer Prague Open 2025 - A"]
[Site "Olympik hotel, Sokolovska 138, Praha"]
[Date "2025.08.14"]
[Round "7"]
[Board "24"]
[White "Steiner, Juraj"]
[Black "Garbrecht, Jan"]
[Result "0-1"]
[WhiteElo "1959"]
[BlackElo "2160"]
[PlyCount "0"]
[EventDate "2025.08.08"]
[EventRounds "9"]
[EventCountry "CZE"]

1. d4 g6 2. c4 Bg7 3. Nc3 c5 4. d5 Bxc3+ 5. bxc3 f5 6. e4 fxe4 7. f3 e5 8. Be3 d6
9. Qd2 Nf6 10. Bh6 Qe7 11. Be2 Nbd7 12. Nh3 Nb6 13. Ng5 Ng8 14. Nxe4 Qh4+ 15. g3
Qxh6 16. Nxd6+ Ke7 17. Ne4 Qxd2+ 18. Kxd2 Nd7 19. Rhf1 Ngf6 20. Ng5 Nb6 21. a4 h6
22. a5 Nxc4+ 23. Bxc4 hxg5 24. Rf2 Kd6 25. Rb1 Rb8 26. Kc2 Bf5+  0-1